札幌市に所在する高校クイズ(サドンデス) - Statistics

General Stats
  • This quiz has been taken 73 times
  • The average score is 5 of 13
Answers on the Grid
Answers color-coded by a green-red scale on the quiz's grid according to % correct below.
札幌手稲
札幌厚別
札幌白石
札幌豊平
札幌東陵
札幌西陵
札幌南陵
札幌北陵
札幌篠路
札幌星置
札幌丘珠
札幌南郷
札幌第一
札幌第二
札幌第三
札幌第四
札幌日本大学
札幌北翔
札幌新陽
札幌静修
立命館慶祥
藤女子
東海大学付属札幌
北海道文教大学附属
 
Answer Stats
Answer % Correct
札幌手稲
69%
札幌白石
63%
札幌厚別
53%
札幌第一
53%
札幌東陵
34%
札幌北陵
34%
札幌南陵
31%
札幌丘珠
31%
藤女子
31%
東海大学付属札幌
31%
札幌西陵
28%
札幌新陽
19%
札幌静修
19%
No matching quizzes found
Score Distribution
Percent of People with Each Score
Percentile by Number Answered
Your Score History
You have not taken this quiz